FIA Grade 1 Circuits - Statistics

General Stats
  • This quiz has been taken 159 times
    26 since last reset
  • The average score is 47 of 66
Answer Stats
Country Layout Circuit % Correct
Austria Grand Prix Red Bull Ring
100%
Australia Grand Prix Albert Park Circuit
95%
Italy Grand Prix Autodromo Internazionale Enzo e Dino Ferrari
95%
Italy Grand Prix Autodromo Nazionale di Monza
95%
Azerbaijan Grand Prix Baku City Circuit
95%
Belgium Grand Prix Circuit de Spa-Francorchamps
95%
Brazil Grand Prix Autódromo José Carlos Pace
90%
Spain Grand Prix Circuit de Barcelona-Catalunya
90%
Spain MotoGP Circuit de Barcelona-Catalunya
90%
Monaco Grand Prix Circuit de Monaco
90%
Canada Grand Prix Circuit Gilles Villeneuve
90%
Japan Grand Prix Suzuka International Racing Course
90%
Mexico Grand Prix Autódromo Hermanos Rodríguez
86%
France Grand Prix (1C – V2) Circuit Paul Ricard
86%
France 2A Circuit Paul Ricard
86%
France 2ASC Circuit Paul Ricard
86%
France 2ASC Short Circuit Paul Ricard
86%
France 3C Circuit Paul Ricard
86%
Netherlands Grand Prix Circuit Zandvoort
86%
United States Grand Prix Las Vegas Strip Circuit
86%
Germany Grand Prix Nürburgring
86%
China Grand Prix Shanghai International Circuit
86%
Portugal Grand Prix Autódromo Internacional do Algarve
81%
Italy Grand Prix Autodromo Internazionale del Mugello
81%
Japan Grand Prix Fuji Speedway
81%
Germany Grand Prix Hockenheimring
81%
Hungary Grand Prix Hungaroring
81%
United States Grand Prix Miami International Autodrome
81%
Malaysia Grand Prix Sepang International Circuit
81%
United Kingdom Grand Prix Silverstone Circuit
81%
Portugal Grand Prix Autódromo Fernanda Pires da Silva
76%
Bahrain Grand Prix Bahrain International Circuit
76%
Bahrain Endurance Bahrain International Circuit
76%
Bahrain Oasis Bahrain International Circuit
76%
Bahrain Outer Bahrain International Circuit
76%
Bahrain Paddock Bahrain International Circuit
76%
Spain Grand Prix Circuito de Jerez – Ángel Nieto
76%
United States Grand Prix Circuit of the Americas
76%
Saudi Arabia Grand Prix Jeddah Street Circuit
76%
India Grand Prix Buddh International Circuit
71%
France Grand Prix Circuit de Nevers Magny-Cours
71%
Turkey Grand Prix Istanbul Park
71%
Qatar Grand Prix Lusail International Circuit
71%
United Arab Emirates Grand Prix Yas Marina Circuit
71%
United Arab Emirates Grand Prix Dubai Autodrome
67%
United Arab Emirates International Dubai Autodrome
67%
South Korea Grand Prix Korea International Circuit
62%
Singapore Grand Prix Marina Bay Street Circuit
62%
Spain Grand Prix MotorLand Aragón
48%
Spain FIM MotorLand Aragón
48%
Spain Aerotest FIA MotorLand Aragón
48%
Spain Aerotest FIA+CM MotorLand Aragón
48%
Spain Aerotest FIM MotorLand Aragón
48%
Spain Aerotest FIM+CM MotorLand Aragón
48%
Spain FIA+CM MotorLand Aragón
48%
Spain FIA+CM+Monaco MotorLand Aragón
48%
Spain FIA+Monaco MotorLand Aragón
48%
Spain FIM+CM MotorLand Aragón
48%
Spain FIM+CM MotorLand Aragón
48%
Spain FIM+CM+Monaco MotorLand Aragón
48%
Russia Grand Prix #1 Moscow Raceway
33%
Russia Grand Prix Igora Drive
29%
Russia Short Igora Drive
29%
Kuwait Grand Prix Kuwait Motor Town
29%
Thailand Grand Prix Chang International Circuit
24%
United States F1 Grand Prix Indianapolis Motor Speedway
24%
No matching quizzes found
Score Distribution
Percent of People with Each Score
Percentile by Number Answered
Your Score History
You have not taken this quiz since the last reset